[Event "LEM Nachwuchs M-V u12m 08.-11.07.2021"]
[Site "MaJuWi Greifswald/Wieck"]
[Date "2021.07.09"]
[Round "3.1"]
[White "Brandt, Mattis"]
[Black "Wellßow, Lio Keanu"]
[Result "1/2-1/2"]
[WhiteElo "1323"]
[BlackElo "1203"]
[PlyCount "87"]
[EventDate "2021.??.??"]
[WhiteTeam "Greifswalder SV"]
[BlackTeam "SG Jasmund"]

1. e4 d6 2. Nf3 Bg4 3. h3 Bh5 4. Nc3 Nf6 5. d4 Nc6 6. Be3 e5 7. dxe5 dxe5 8.
Qxd8+ Rxd8 9. Bb5 Bb4 10. Bd2 O-O 11. a3 Bxc3 12. Bxc3 Nd4 13. Nxd4 exd4 14.
Bb4 Rfe8 15. Bxe8 Rxe8 16. f3 Nd5 17. Bd2 c5 18. O-O-O Nb6 19. g4 Bg6 20. h4 f6
21. Rdg1 Re5 22. Bf4 Re8 23. g5 f5 24. h5 Bf7 25. exf5 Bd5 26. h6 Bxf3 27. Rh3
Be4 28. Re1 Nd5 29. Bd2 g6 30. fxg6 Bxg6 31. Rxe8+ Bxe8 32. Kd1 Bg6 33. c3 b5
34. Rh4 d3 35. Bf4 a5 36. Bd6 c4 37. Kd2 Kf7 38. Rd4 Ke6 39. Bc5 a4 40. Rg4 Kf5
41. Rg1 Bh5 42. Ke1 Bg6 43. Kf2 Bh5 44. Ke1 1/2-1/2

[Event "LEM Nachwuchs M-V u12m 08.-11.07.2021"]
[Site "MaJuWi Greifswald/Wieck"]
[Date "2021.07.09"]
[Round "3.2"]
[White "Peilert, Maximilian"]
[Black "Drechsler, Andor"]
[Result "1-0"]
[WhiteElo "1068"]
[BlackElo "1303"]
[PlyCount "83"]
[EventDate "2021.??.??"]
[WhiteTeam "Think Rochade"]
[BlackTeam "SAV Torgelow"]

1. e4 c5 2. Nf3 Nc6 3. d4 cxd4 4. Nxd4 Nf6 5. Nc3 e5 6. Ndb5 d6 7. Be2 a6 8.
Na3 b5 9. Nd5 Nxe4 10. Bf3 f5 11. Qd3 Nd4 12. Bxe4 fxe4 13. Qxe4 Rb8 14. c3 Ne6
15. Qd3 Bb7 16. Be3 Be7 17. Nc2 Bg5 18. O-O-O Nc5 19. Qf5 Bxe3+ 20. Ncxe3 Rf8
21. Qh5+ g6 22. Qxh7 Qg5 23. b4 Bxd5 24. bxc5 Rxf2 25. Rhe1 Bxa2 26. Rxd6 e4
27. Qh8+ Rf8 28. Qg7 Rd8 29. Rxd8+ Kxd8 30. Rd1+ Bd5 31. Qxf8+ Kc7 32. Qd6+ Kc8
33. Qxa6+ Bb7 34. Qe6+ Kb8 35. Qe8+ Bc8 36. Qxb5+ Bb7 37. Re1 Qf6 38. Kb2 Qf8
39. Kc2 Qf6 40. Qe8+ Bc8 41. Rb1+ Kc7 42. Nd5# 1-0

[Event "LEM Nachwuchs M-V u12m 08.-11.07.2021"]
[Site "MaJuWi Greifswald/Wieck"]
[Date "2021.07.09"]
[Round "3.3"]
[White "Briese, Paul"]
[Black "Fritsch, Friedrich"]
[Result "1-0"]
[WhiteElo "1125"]
[BlackElo "953"]
[PlyCount "67"]
[EventDate "2021.??.??"]
[WhiteTeam "SAV Torgelow"]
[BlackTeam "SG Jasmund"]

1. c4 e5 2. Nc3 Nf6 3. g3 c5 4. Bg2 Nc6 5. Nf3 d5 6. cxd5 Nxd5 7. d3 Be6 8. O-O
g6 9. Bd2 Bg7 10. Nxd5 Bxd5 11. a3 O-O 12. Rc1 Qb6 13. Qc2 Qb3 14. Qxb3 Bxb3
15. Rxc5 Rac8 16. Rcc1 Nd4 17. Nxd4 Rxc1 18. Rxc1 exd4 19. Bxb7 Be6 20. b4 Rb8
21. Ba6 Rb6 22. Bc4 Bxc4 23. Rxc4 Re6 24. e3 dxe3 25. Bxe3 Rd6 26. Bxa7 Rxd3
27. a4 Rd1+ 28. Kg2 Ra1 29. a5 Rb1 30. a6 Bf8 31. Be3 Bxb4 32. a7 Bd2 33. a8=Q+
Kg7 34. Bxd2 1-0

[Event "LEM Nachwuchs M-V u12m 08.-11.07.2021"]
[Site "MaJuWi Greifswald/Wieck"]
[Date "2021.07.09"]
[Round "3.4"]
[White "Grundmann, Max"]
[Black "Stier, Karl"]
[Result "1-0"]
[WhiteElo "1148"]
[BlackElo "714"]
[PlyCount "65"]
[EventDate "2021.??.??"]
[WhiteTeam "Think Rochade"]
[BlackTeam "SG Neubrandenburg"]

1. d4 d5 2. Bf4 Nc6 3. e3 Bf5 4. Bd3 Bxd3 5. Qxd3 Nf6 6. Nf3 Nb4 7. Qb5+ Nc6 8.
Qxb7 Na5 9. Qb5+ Qd7 10. Qxa5 e6 11. Qxc7 Rc8 12. Qxd7+ Nxd7 13. c3 Nb6 14.
Nbd2 f6 15. e4 g5 16. Bg3 h5 17. h3 g4 18. hxg4 Bh6 19. Rxh5 Bg7 20. e5 Ke7 21.
O-O-O Nd7 22. Rdh1 a6 23. exf6+ Nxf6 24. Rxh8 Rxh8 25. Rxh8 Bxh8 26. Ne5 Bg7
27. Bh4 a5 28. Bxf6+ Bxf6 29. Nc6+ Kf7 30. Nxa5 Bh4 31. f4 Bg3 32. f5 Bh4 33.
b4 1-0

[Event "LEM Nachwuchs M-V u12m 08.-11.07.2021"]
[Site "MaJuWi Greifswald/Wieck"]
[Date "2021.07.09"]
[Round "3.5"]
[White "Lange, Richard"]
[Black "Eschrig, Immanuel"]
[Result "0-1"]
[WhiteElo "917"]
[BlackElo "1022"]
[PlyCount "120"]
[EventDate "2021.??.??"]
[WhiteTeam "TSG Neustrelitz"]
[BlackTeam "Greifswalder SV"]

1. c4 e5 2. Nc3 Nf6 3. g3 Bc5 4. Bg2 Nc6 5. Ne4 Nxe4 6. Bxe4 Qf6 7. Nf3 d6 8.
O-O Bh3 9. d3 Bxf1 10. Qxf1 O-O 11. Bg5 Qe6 12. Bd5 Qd7 13. a3 Rab8 14. a4 Nd4
15. Nd2 Qg4 16. Be3 Nxe2+ 17. Kg2 Nf4+ 18. Bxf4 exf4 19. f3 Qg5 20. Ne4 Qe5 21.
Rd1 fxg3 22. hxg3 Qxb2+ 23. Rd2 Qd4 24. Nxc5 dxc5 25. Be4 Qc3 26. Ra2 a6 27.
Qh1 h6 28. Qh5 Qf6 29. g4 Rbd8 30. g5 Qxg5+ 31. Qxg5 hxg5 32. Kg3 f6 33. Bd5+
Kh7 34. Rh2+ Kg6 35. Be4+ f5 36. Bd5 Rh8 37. Re2 f4+ 38. Kf2 Rh2+ 39. Ke1 Rxe2+
40. Kxe2 Re8+ 41. Be4+ Kf6 42. Kf2 Rh8 43. Kg2 b6 44. Kf2 Rh2+ 45. Ke1 Ra2 46.
Bc6 Ke5 47. Kd1 Kd4 48. Be4 Rxa4 49. Ke2 a5 50. Bc6 Ra2+ 51. Kd1 a4 52. Bxa4
Rxa4 53. Kc2 Ra3 54. Kb2 Rxd3 55. Kc1 Rxf3 56. Kb1 Re3 57. Kc1 Kd3 58. Kb1 Kc3
59. Ka1 Kb3 60. Kb1 Re1# 0-1

[Event "LEM Nachwuchs M-V u12m 08.-11.07.2021"]
[Site "MaJuWi Greifswald/Wieck"]
[Date "2021.07.09"]
[Round "3.6"]
[White "Kerth, Anton"]
[Black "Tovmasyan, Levon"]
[Result "0-1"]
[WhiteElo "996"]
[BlackElo "884"]
[Annotator "janni"]
[PlyCount "70"]
[EventDate "2021.??.??"]
[WhiteTeam "SV Gryps"]
[BlackTeam "TuS Makkabi Rostock"]

1. e4 c5 2. Nf3 e6 3. d4 cxd4 4. Nxd4 Nf6 5. Nc3 Be7 6. Bf4 O-O 7. Bxb8 Rxb8 8.
Bd3 e5 9. Nf3 d6 10. Nd5 Qa5+ 11. b4 Qd8 12. Nxf6+ Bxf6 13. O-O d5 14. Qe2 d4 {
Notation} 15. Rac1 Qc7 16. Bc4 b5 17. Bxb5 Qc3 18. Qc4 Be6 19. Qc5 Qxc5 20.
bxc5 Rxb5 21. Rb1 Rxc5 22. Rb7 Ra5 23. Ra1 h6 24. Nd2 Rc8 25. Nb3 Ra3 26. h3
Rxc2 27. Nc1 d3 28. Rbb1 d2 29. Nb3 Bxb3 30. Rxb3 Rcxa2 31. Rxa3 Rxa3 32. Rd1
Rd3 33. g3 a5 34. f4 a4 35. fxe5 Bxe5 0-1

[Event "LEM Nachwuchs M-V u12m 08.-11.07.2021"]
[Site "MaJuWi Greifswald/Wieck"]
[Date "2021.07.09"]
[Round "3.7"]
[White "Liseykin, Tezey"]
[Black "Wandelt, Moritz"]
[Result "0-1"]
[WhiteElo "926"]
[BlackElo "1011"]
[PlyCount "56"]
[EventDate "2021.??.??"]
[WhiteTeam "TuS Makkabi Rostock"]
[BlackTeam "SAV Torgelow"]

1. d4 Nf6 2. c4 g6 3. Nc3 Bg7 4. e4 d6 5. Nf3 O-O 6. Bd3 Nbd7 7. O-O e5 8. d5
Nc5 9. Bg5 Qe8 10. Nb5 Qd7 11. b4 Nxd3 12. Qxd3 a6 13. Qa3 Nxe4 14. Rfe1 Nxg5
15. Nxg5 h6 16. Nf3 e4 17. Nfd4 Qd8 18. Rxe4 Bf5 19. Nxf5 gxf5 20. Rf4 Bxa1 21.
Qg3+ Qg5 22. Nxc7 Be5 23. Qxg5+ hxg5 24. Rxf5 Rac8 25. Rxg5+ Bg7 26. Ne6 fxe6
27. dxe6 Rxc4 28. e7 Rc1# 0-1

[Event "LEM Nachwuchs M-V u12m 08.-11.07.2021"]
[Site "MaJuWi Greifswald/Wieck"]
[Date "2021.07.09"]
[Round "3.8"]
[White "Tsiple, Dragos"]
[Black "Joachim, Julian"]
[Result "1-0"]
[WhiteElo "801"]
[BlackElo "819"]
[PlyCount "53"]
[EventDate "2021.??.??"]
[WhiteTeam "TSV Friedland"]
[BlackTeam "Think Rochade"]

1. e4 e5 2. Nf3 Nc6 3. Bc4 Bb4 4. c3 Bc5 5. d4 Bb6 6. dxe5 d6 7. Bg5 f6 8. exf6
Nxf6 9. Bxf6 Qxf6 10. Qd5 Be6 11. Qxe6+ Qxe6 12. Bxe6 Rf8 13. Nd4 Nxd4 14. cxd4
Bxd4 15. Nc3 Rxf2 16. Rf1 Rxb2 17. Rc1 Rxg2 18. Nb5 Kd8 19. Nxd4 Rxa2 20. Rf8+
Ke7 21. Rf7+ Kd8 22. Bxa2 Ke8 23. Nf5 d5 24. Bxd5 c6 25. Be6 g6 26. Rg7 b5 27.
Rg8# 1-0

[Event "LEM Nachwuchs M-V u12m 08.-11.07.2021"]
[Site "MaJuWi Greifswald/Wieck"]
[Date "2021.07.09"]
[Round "3.9"]
[White "Asmussen, Henry"]
[Black "Lüdtke, Lorenz"]
[Result "0-1"]
[WhiteElo "1192"]
[BlackElo "922"]
[PlyCount "66"]
[EventDate "2021.??.??"]
[WhiteTeam "SG Jasmund"]
[BlackTeam "SG Jasmund"]

1. e4 e5 2. Nf3 Nc6 3. Bc4 h6 4. Nc3 Nf6 5. O-O Bb4 6. d3 d6 7. Nd5 Bg4 8. Be3
Nd4 9. Bxd4 exd4 10. Qe2 O-O 11. a3 Ba5 12. c3 c5 13. b4 Bb6 14. cxd4 cxd4 15.
a4 Rc8 16. a5 Bxa5 17. bxa5 Re8 18. h3 Bh5 19. Qb2 Rb8 20. Nh4 b6 21. axb6 axb6
22. Qxd4 b5 23. Bb3 Re5 24. Nf4 Rb6 25. Nxh5 Nxh5 26. Ng6 Rc5 27. Ra7 Qg5 28.
Rxf7 Kh7 29. Bd1 Kg8 30. Bxh5 Kxf7 31. Qe3 Qxh5 32. Nh8+ Kg8 33. Qf4 Kxh8 0-1

[Event "LEM Nachwuchs M-V u12m 08.-11.07.2021"]
[Site "MaJuWi Greifswald/Wieck"]
[Date "2021.07.10"]
[Round "4.1"]
[White "Wellßow, Lio Keanu"]
[Black "Peilert, Maximilian"]
[Result "1/2-1/2"]
[WhiteElo "1203"]
[BlackElo "1068"]
[PlyCount "103"]
[EventDate "2021.??.??"]
[WhiteTeam "SG Jasmund"]
[BlackTeam "Think Rochade"]

1. d4 d5 2. c4 Bf5 3. Nc3 e6 4. cxd5 exd5 5. Nf3 Nc6 6. e3 Nb4 7. Rb1 Bxb1 8.
Nxb1 Nc6 9. Nc3 Bb4 10. Bd3 Nf6 11. O-O Qe7 12. a3 Bxc3 13. bxc3 a6 14. c4 Rd8
15. Re1 O-O 16. cxd5 Rxd5 17. e4 Rdd8 18. e5 Nd5 19. Ng5 h6 20. Nh7 f6 21. Qg4
Kh8 22. Bd2 fxe5 23. Qg6 Nf4 24. Bxf4 Rxf4 25. Nf6 gxf6 26. Qxh6+ Kg8 27. Re3
Rdxd4 28. Rg3+ Rg4 29. Bc2 Rxg3 30. hxg3 Qg7 31. Qh5 Kf8 32. Qh3 Rc4 33. Qc8+
Ke7 34. Qxc7+ Kf8 35. Qc8+ Ke7 36. Qxb7+ Kf8 37. Qc8+ Ke7 38. Qc7+ Kf8 39. Qc8+
Ke7 40. Bf5 Rc1+ 41. Kh2 Qh6+ 42. Bh3 Nd4 43. Qd7+ Kf8 44. Qd8+ Kf7 45. Qd5+
Kg7 46. Qd7+ Kg6 47. Qe8+ Kh7 48. Qd7+ Qg7 49. Qe8 f5 50. Qh5+ Qh6 51. Qf7+ Qg7
52. Qh5+ 1/2-1/2

[Event "LEM Nachwuchs M-V u12m 08.-11.07.2021"]
[Site "MaJuWi Greifswald/Wieck"]
[Date "2021.07.10"]
[Round "4.2"]
[White "Drechsler, Andor"]
[Black "Brandt, Mattis"]
[Result "1-0"]
[WhiteElo "1303"]
[BlackElo "1323"]
[PlyCount "53"]
[EventDate "2021.??.??"]
[WhiteTeam "SAV Torgelow"]
[BlackTeam "Greifswalder SV"]

1. c4 e5 2. Nc3 Nf6 3. g3 c6 4. Bg2 d5 5. cxd5 cxd5 6. Qb3 e4 7. f3 exf3 8.
Nxf3 Nc6 9. e3 Bd7 10. Nxd5 Be6 11. Nxf6+ Qxf6 12. Qxb7 Rc8 13. O-O Bc5 14. Nd4
Nd8 15. Rxf6 Nxb7 16. Rxe6+ fxe6 17. Bxb7 Rb8 18. Nxe6 Bxe3+ 19. dxe3 Rxb7 20.
b3 Kf7 21. Nxg7 Kxg7 22. Bb2+ Kg8 23. Bxh8 Kxh8 24. Kf2 Rf7+ 25. Ke2 Kg7 26.
Rd1 Kf6 27. Rf1+ 1-0

[Event "LEM Nachwuchs M-V u12m 08.-11.07.2021"]
[Site "MaJuWi Greifswald/Wieck"]
[Date "2021.07.10"]
[Round "4.3"]
[White "Eschrig, Immanuel"]
[Black "Briese, Paul"]
[Result "1/2-1/2"]
[WhiteElo "1022"]
[BlackElo "1125"]
[PlyCount "65"]
[EventDate "2021.??.??"]
[WhiteTeam "Greifswalder SV"]
[BlackTeam "SAV Torgelow"]

1. e4 c6 2. Nc3 d5 3. exd5 cxd5 4. d4 Bf5 5. Nf3 Nd7 6. Bf4 e6 7. a3 Nb6 8.
Bb5+ Nd7 9. Ne5 Ngf6 10. Bg5 Ke7 11. Nxd7 a6 12. Nxf6 gxf6 13. Bxf6+ Kxf6 14.
Ba4 b5 15. Bb3 Ke7 16. Qe2 Ke8 17. Nxd5 Rg8 18. Ne3 Bg6 19. c3 Bh6 20. O-O Qf6
21. Ng4 Qg7 22. Nxh6 Qxh6 23. d5 Bf5 24. Rae1 Qg6 25. f3 Bd3 26. Qf2 Bxf1 27.
Kxf1 Kd7 28. dxe6+ fxe6 29. Qd4+ Kc7 30. Qc5+ Kb7 31. Qe7+ Kb8 32. Qd6+ Kb7 33.
Qd7+ 1/2-1/2

[Event "LEM Nachwuchs M-V u12m 08.-11.07.2021"]
[Site "MaJuWi Greifswald/Wieck"]
[Date "2021.07.10"]
[Round "4.4"]
[White "Wandelt, Moritz"]
[Black "Grundmann, Max"]
[Result "0-1"]
[WhiteElo "1011"]
[BlackElo "1148"]
[PlyCount "44"]
[EventDate "2021.??.??"]
[WhiteTeam "SAV Torgelow"]
[BlackTeam "Think Rochade"]

1. e4 c5 2. Nf3 Nc6 3. d4 cxd4 4. Nxd4 d6 5. Bb5 Bd7 6. Be3 Nf6 7. Nc3 a6 8.
Be2 g6 9. O-O Bg7 10. Qd2 O-O 11. Rad1 Nxd4 12. Bxd4 Bc6 13. Qe3 Re8 14. e5 Nd5
15. Nxd5 Bxd5 16. c4 Bc6 17. exd6 exd6 18. Qc3 Bxd4 19. Rxd4 Rxe2 20. Re1 Qe7
21. Rc1 Re8 22. Rdd1 Qe4 0-1

[Event "LEM Nachwuchs M-V u12m 08.-11.07.2021"]
[Site "MaJuWi Greifswald/Wieck"]
[Date "2021.07.10"]
[Round "4.5"]
[White "Tovmasyan, Levon"]
[Black "Tsiple, Dragos"]
[Result "1-0"]
[WhiteElo "884"]
[BlackElo "801"]
[PlyCount "65"]
[EventDate "2021.??.??"]
[WhiteTeam "TuS Makkabi Rostock"]
[BlackTeam "TSV Friedland"]

1. d4 d5 2. Bf4 Nc6 3. Nf3 Bf5 4. e3 e6 5. Ne5 Nxe5 6. Bxe5 Nf6 7. Bd3 Bg4 8.
Be2 Bb4+ 9. c3 Bd6 10. Bxg4 Bxe5 11. dxe5 h5 12. exf6 hxg4 13. Qxg4 Qxf6 14.
O-O g5 15. f4 Rh4 16. Qxg5 Qxg5 17. fxg5 O-O-O 18. Rxf7 Rg8 19. Rf4 Rh5 20. h4
Kd7 21. Rg4 Kd6 22. Nd2 Ke5 23. Nf3+ Kf5 24. Rf4+ Kg6 25. g4 Rhh8 26. h5+ Kg7
27. h6+ Kg6 28. Rf6+ Kh7 29. Rf7+ Kg6 30. Rf6+ Kh7 31. Rxe6 Rf8 32. Rf1 Rf7 33.
g6+ 1-0

[Event "LEM Nachwuchs M-V u12m 08.-11.07.2021"]
[Site "MaJuWi Greifswald/Wieck"]
[Date "2021.07.10"]
[Round "4.6"]
[White "Stier, Karl"]
[Black "Kerth, Anton"]
[Result "0-1"]
[WhiteElo "714"]
[BlackElo "996"]
[PlyCount "112"]
[EventDate "2021.??.??"]
[WhiteTeam "SG Neubrandenburg"]
[BlackTeam "SV Gryps"]

1. e4 e5 2. Nf3 Nc6 3. Bc4 Nf6 4. Nc3 Bb4 5. Nd5 d6 6. a3 Ba5 7. b4 Bb6 8. a4
Ng4 9. a5 Nxf2 10. Rf1 Nxd1 11. Kxd1 Bd4 12. c3 Bxc3 13. dxc3 Bg4 14. b5 Bxf3+
15. gxf3 Ne7 16. Bg5 f6 17. Bh4 Nxd5 18. Bxd5 Qe7 19. Bxb7 Rb8 20. Bc6+ Kd8 21.
a6 Qe6 22. Rg1 Qb3+ 23. Kd2 Qb2+ 24. Kd3 g5 25. Bf2 Qxf2 26. Rgf1 Qxh2 27. c4
Rg8 28. b6 cxb6 29. Bd5 Rg7 30. Rh1 Qg2 31. Rhg1 Qxf3+ 32. Kc2 g4 33. Rgf1 Qe2+
34. Kb3 g3 35. c5 dxc5 36. Bc4 Qxe4 37. Rad1+ Kc7 38. Bd5 Qb4+ 39. Kc2 g2 40.
Rg1 Qa4+ 41. Kd3 Qxa6+ 42. Ke3 Rg3+ 43. Kf2 Rd3 44. Rde1 Rxd5 45. Rxg2 Rd2+ 46.
Kg1 Rxg2+ 47. Kxg2 Rg8+ 48. Kf2 Qa2+ 49. Ke3 Rg3+ 50. Ke4 Qc4+ 51. Kf5 Rg5+ 52.
Kxf6 Qf4+ 53. Ke6 Kc6 54. Rd1 Rg6+ 55. Ke7 Qf6+ 56. Ke8 Rg8# 0-1

[Event "LEM Nachwuchs M-V u12m 08.-11.07.2021"]
[Site "MaJuWi Greifswald/Wieck"]
[Date "2021.07.10"]
[Round "4.7"]
[White "Fritsch, Friedrich"]
[Black "Lange, Richard"]
[Result "0-1"]
[WhiteElo "953"]
[BlackElo "917"]
[PlyCount "58"]
[EventDate "2021.??.??"]
[WhiteTeam "SG Jasmund"]
[BlackTeam "TSG Neustrelitz"]

1. e4 e5 2. Nf3 Nc6 3. Bc4 h6 4. Nc3 Bb4 5. d3 Nf6 6. Bd2 O-O 7. O-O Bxc3 8.
Bxc3 d6 9. d4 exd4 10. Nxd4 Nxd4 11. Bxd4 Nxe4 12. Qf3 Nd2 13. Qg3 g6 14. Rfe1
Nxc4 15. Qc3 Ne5 16. Re4 c5 17. Be3 Bf5 18. Ra4 b5 19. Ra6 Bc8 20. Ra3 b4 21.
Qd2 bxa3 22. Bxh6 axb2 23. Rb1 Re8 24. Bg5 Qd7 25. Qf4 Qg4 26. Qf6 Qe6 27. Qf4
Nc4 28. Qh4 Qe1+ 29. Rxe1 Rxe1# 0-1

[Event "LEM Nachwuchs M-V u12m 08.-11.07.2021"]
[Site "MaJuWi Greifswald/Wieck"]
[Date "2021.07.10"]
[Round "4.9"]
[White "Joachim, Julian"]
[Black "Liseykin, Tezey"]
[Result "1-0"]
[WhiteElo "819"]
[BlackElo "926"]
[PlyCount "97"]
[EventDate "2021.??.??"]
[WhiteTeam "Think Rochade"]
[BlackTeam "TuS Makkabi Rostock"]

1. e4 c5 2. Bc4 e6 3. Nf3 a6 4. Nc3 Qc7 5. d3 Nc6 6. Bg5 h6 7. Bh4 b5 8. Bg3
Qb6 9. Bb3 Nd4 10. Be5 d6 11. Bf4 e5 12. Nd5 Qc6 13. Bg3 Nxb3 14. axb3 Be6 15.
Ne3 Nf6 16. O-O d5 17. Nxe5 Qb6 18. c4 d4 19. Nc2 b4 20. Qf3 Bd6 21. h3 Qc7 22.
Ng4 h5 23. Nh2 h4 24. Bxd6 Qxd6 25. Rae1 Nd7 26. e5 Nxe5 27. Qxa8+ Ke7 28. Qxh8
Nxd3 29. Qxh4+ f6 30. Re4 g5 31. Qh7+ Ke8 32. Qf5 Kf7 33. Qh7+ Kf8 34. Ng4 Qc6
35. f3 f5 36. Qh8+ Bg8 37. Re2 fxg4 38. hxg4 Qc7 39. Rd2 Nf4 40. Qh6+ Kf7 41.
Qxg5 d3 42. Qf5+ Kg7 43. Ne3 Bh7 44. Qg5+ Bg6 45. Nd5 Qd6 46. Nxf4 Qd4+ 47.
Rff2 Qd6 48. Rxd3 Kf7 49. Rxd6 1-0

[Event "LEM Nachwuchs M-V u12m 08.-11.07.2021"]
[Site "MaJuWi Greifswald/Wieck"]
[Date "2021.07.10"]
[Round "5.1"]
[White "Peilert, Maximilian"]
[Black "Tovmasyan, Levon"]
[Result "1-0"]
[WhiteElo "1068"]
[BlackElo "884"]
[PlyCount "55"]
[EventDate "2021.??.??"]
[WhiteTeam "Think Rochade"]
[BlackTeam "TuS Makkabi Rostock"]

1. e4 c5 2. Nf3 e6 3. d4 cxd4 4. Nxd4 a6 5. Bc4 Nf6 6. Nc3 b5 7. Bb3 Bb7 8. Bg5
Be7 9. Qf3 h6 10. Bf4 d5 11. e5 Ne4 12. Nce2 O-O 13. O-O Bc5 14. c3 b4 15. Qg4
f6 16. Nxe6 Qd7 17. Bxh6 Kf7 18. N2f4 Rg8 19. Qg6+ Ke7 20. Nxc5 Nxc5 21. exf6+
Kf8 22. fxg7+ Rxg7 23. Qf6+ Kg8 24. Bxd5+ Kh8 25. Ng6+ Kh7 26. Nf8+ Kh8 27.
Nxd7 Ncxd7 28. Qxg7# 1-0

[Event "LEM Nachwuchs M-V u12m 08.-11.07.2021"]
[Site "MaJuWi Greifswald/Wieck"]
[Date "2021.07.10"]
[Round "5.2"]
[White "Grundmann, Max"]
[Black "Drechsler, Andor"]
[Result "1-0"]
[WhiteElo "1148"]
[BlackElo "1303"]
[PlyCount "121"]
[EventDate "2021.??.??"]
[WhiteTeam "Think Rochade"]
[BlackTeam "SAV Torgelow"]

1. c4 Nf6 2. Nc3 g6 3. g3 Bg7 4. Bg2 d6 5. d3 c5 6. Nf3 O-O 7. O-O Be6 8. Ng5
Bc8 9. Bd2 h6 10. Nf3 Nc6 11. e4 Be6 12. Qc1 Kh7 13. Nd5 Bxd5 14. exd5 Nb8 15.
d4 Nbd7 16. Be3 Rc8 17. Bh3 Ne4 18. b3 b5 19. Qc2 Nef6 20. dxc5 dxc5 21. Rab1
Rb8 22. Bf4 Rb7 23. Rfe1 Kg8 24. Ne5 Nxe5 25. Bxe5 Nd7 26. Bxg7 Kxg7 27. Qe2
bxc4 28. Qxe7 cxb3 29. Rxb3 Qxe7 30. Rxe7 Rxb3 31. axb3 Nf6 32. Rxa7 Nxd5 33.
Ra5 Rb8 34. Rxc5 Nf6 35. Rc7 Rb6 36. Bf1 Nd5 37. Rd7 Nf6 38. Ra7 Ne8 39. Bc4
Nd6 40. Kg2 Nxc4 41. bxc4 Kf6 42. Kf3 Rc6 43. Ra4 Ke5 44. Ke3 Rd6 45. Ra5+ Ke6
46. Ke4 f5+ 47. Ke3 Kf6 48. f4 g5 49. Rd5 gxf4+ 50. gxf4 Rxd5 51. cxd5 Ke7 52.
Kd4 Kf6 53. Kc5 Ke7 54. Kc6 Ke8 55. Kd6 Kd8 56. Ke6 Ke8 57. Kxf5 Kf7 58. d6 Ke8
59. Kg6 Kd7 60. Kg7 Kxd6 61. f5 1-0

[Event "LEM Nachwuchs M-V u12m 08.-11.07.2021"]
[Site "MaJuWi Greifswald/Wieck"]
[Date "2021.07.10"]
[Round "5.3"]
[White "Eschrig, Immanuel"]
[Black "Wellßow, Lio Keanu"]
[Result "0-1"]
[WhiteElo "1022"]
[BlackElo "1203"]
[PlyCount "102"]
[EventDate "2021.??.??"]
[WhiteTeam "Greifswalder SV"]
[BlackTeam "SG Jasmund"]

1. e4 g6 2. d4 Bg7 3. Nf3 d6 4. Be3 Nf6 5. Nc3 O-O 6. Bd3 Nbd7 7. O-O Re8 8.
Qd2 e5 9. dxe5 Nxe5 10. Nxe5 Rxe5 11. Bh6 b6 12. Bxg7 Kxg7 13. Rfe1 Bb7 14. Re3
Ng4 15. f4 Rh5 16. Be2 Nxe3 17. Bxh5 Qh4 18. Qxe3 Qxh5 19. e5 Re8 20. Re1 Qg4
21. Re2 Ba6 22. Re1 Bb7 23. Re2 Ba6 24. Rd2 Bb7 25. Nd5 Bxd5 26. Rxd5 Qf5 27.
Qd4 f6 28. Qc3 Re7 29. exf6+ Qxf6 30. Qxf6+ Kxf6 31. Kf2 Re6 32. Rd2 c6 33. Rd3
d5 34. g4 Re4 35. Kf3 h5 36. g5+ Kf5 37. Re3 Rxf4+ 38. Kg3 Re4 39. Rf3+ Kxg5
40. h4+ Rxh4 41. Rc3 Re4 42. Ra3 a5 43. Rb3 b5 44. c3 h4+ 45. Kh3 Rg4 46. a4
Rxa4 47. Kh2 Kg4 48. Kg2 h3+ 49. Kh2 g5 50. Kh1 Kg3 51. Kg1 Ra1# 0-1

[Event "LEM Nachwuchs M-V u12m 08.-11.07.2021"]
[Site "MaJuWi Greifswald/Wieck"]
[Date "2021.07.10"]
[Round "5.4"]
[White "Brandt, Mattis"]
[Black "Briese, Paul"]
[Result "1-0"]
[WhiteElo "1323"]
[BlackElo "1125"]
[PlyCount "61"]
[EventDate "2021.??.??"]
[WhiteTeam "Greifswalder SV"]
[BlackTeam "SAV Torgelow"]

1. e4 c6 2. Nf3 d5 3. Nc3 Bg4 4. h3 Bxf3 5. Qxf3 e6 6. e5 Bb4 7. d4 Nd7 8. Qg3
Bxc3+ 9. bxc3 Kf8 10. Bd3 Ne7 11. O-O g6 12. Bh6+ Ke8 13. Rfb1 Rb8 14. Rb3 Qc7
15. Qf3 Nc8 16. Rab1 Ncb6 17. Rb4 Qd8 18. a4 a5 19. R4b3 Nxa4 20. Rxb7 Rxb7 21.
Rxb7 Nxc3 22. Bg7 Rg8 23. Bf6 Qc8 24. Ba6 Qa8 25. Qxc3 Qxa6 26. Rc7 Nxf6 27.
exf6 Qa8 28. Rxc6 Kd8 29. Qc5 Qb7 30. Rc8+ Qxc8 31. Qe7# 1-0

[Event "LEM Nachwuchs M-V u12m 08.-11.07.2021"]
[Site "MaJuWi Greifswald/Wieck"]
[Date "2021.07.10"]
[Round "5.5"]
[White "Kerth, Anton"]
[Black "Lüdtke, Lorenz"]
[Result "0-1"]
[WhiteElo "996"]
[BlackElo "922"]
[PlyCount "48"]
[EventDate "2021.??.??"]
[WhiteTeam "SV Gryps"]
[BlackTeam "SG Jasmund"]

1. e4 e5 2. Nf3 Nc6 3. Bb5 Nf6 4. Nc3 Bb4 5. Nd5 Nxe4 6. Nxb4 Nxb4 7. Nxe5 O-O
8. d3 Nd6 9. Bd2 Nxb5 10. Bxb4 d6 11. Ng4 Re8+ 12. Ne3 Qg5 13. O-O Bd7 14. c4
Nd4 15. Nd5 Rac8 16. Bd2 Qf5 17. Ne3 Qxd3 18. Bc3 Qe4 19. Bxd4 c5 20. Bc3 Re6
21. Re1 Bc6 22. Qg4 Rg6 23. Qxc8+ Be8 24. Nf5 Qxg2# 0-1

[Event "LEM Nachwuchs M-V u12m 08.-11.07.2021"]
[Site "MaJuWi Greifswald/Wieck"]
[Date "2021.07.10"]
[Round "5.6"]
[White "Tsiple, Dragos"]
[Black "Wandelt, Moritz"]
[Result "0-1"]
[WhiteElo "801"]
[BlackElo "1011"]
[PlyCount "62"]
[EventDate "2021.??.??"]
[WhiteTeam "TSV Friedland"]
[BlackTeam "SAV Torgelow"]

1. e4 c5 2. c4 e6 3. Nc3 a6 4. Nf3 Qc7 5. d3 d6 6. g3 Nf6 7. Bg5 Be7 8. Bg2 b6
9. b3 O-O 10. O-O Bb7 11. Qe2 h6 12. Bxf6 Bxf6 13. Rac1 Nd7 14. Nd1 b5 15. Ne3
Rfc8 16. Ng4 bxc4 17. dxc4 Rab8 18. Nxf6+ Nxf6 19. e5 Ng4 20. exd6 Qxd6 21.
Rcd1 Qc6 22. h3 Nf6 23. Kh2 Ne4 24. Ne5 Qc7 25. Bxe4 Qxe5 26. Qd2 Qxe4 27. Rg1
Rd8 28. Qc1 Rxd1 29. Qxd1 Qf3 30. Qd7 Rf8 31. h4 Qxf2+ 0-1

[Event "LEM Nachwuchs M-V u12m 08.-11.07.2021"]
[Site "MaJuWi Greifswald/Wieck"]
[Date "2021.07.10"]
[Round "5.7"]
[White "Lange, Richard"]
[Black "Stier, Karl"]
[Result "0-1"]
[WhiteElo "917"]
[BlackElo "714"]
[PlyCount "46"]
[EventDate "2021.??.??"]
[WhiteTeam "TSG Neustrelitz"]
[BlackTeam "SG Neubrandenburg"]

1. d4 d5 2. Nc3 Nf6 3. Bg5 Bg4 4. Nf3 Bxf3 5. exf3 Nc6 6. Bb5 e6 7. Nxd5 exd5
8. O-O Bd6 9. Re1+ Be7 10. a3 a6 11. Ba4 b5 12. Bb3 O-O 13. c3 Re8 14. Qd3 Bd6
15. Rf1 h6 16. Bxf6 gxf6 17. Bxd5 Qd7 18. Bb3 f5 19. d5 Ne5 20. Qe3 Qe7 21.
Qxh6 Ng6 22. Rae1 Qh4 23. Qd2 Qxh2# 0-1

[Event "LEM Nachwuchs M-V u12m 08.-11.07.2021"]
[Site "MaJuWi Greifswald/Wieck"]
[Date "2021.07.10"]
[Round "5.8"]
[White "Liseykin, Tezey"]
[Black "Fritsch, Friedrich"]
[Result "1/2-1/2"]
[WhiteElo "926"]
[BlackElo "953"]
[PlyCount "65"]
[EventDate "2021.??.??"]
[WhiteTeam "TuS Makkabi Rostock"]
[BlackTeam "SG Jasmund"]

1. d4 d5 2. c4 c6 3. Nf3 Nf6 4. Nc3 Bf5 5. Bf4 Nbd7 6. Ne5 Nxe5 7. dxe5 Ne4 8.
Nxe4 dxe4 9. e3 Qa5+ 10. Qd2 b6 11. Be2 e6 12. Qxa5 bxa5 13. O-O h6 14. h3 g5
15. Bh2 Bc5 16. g4 Bg6 17. Bd1 Rd8 18. Ba4 O-O 19. Bxc6 Rd2 20. Rab1 Rc2 21.
Rfc1 Rxc1+ 22. Rxc1 f5 23. gxf5 exf5 24. Bd5+ Bf7 25. Bxf7+ Rxf7 26. Rd1 Bb6
27. e6 Re7 28. c5 Bxc5 29. Rd8+ Kg7 30. Be5+ Kg6 31. Rg8+ Kh5 32. Bf6 Rxe6 33.
Bd4 1/2-1/2